00932nam a2200229 a 450000100100000000500170001000800410002704000250006808200200009310000340011324500830014726000270023030000200025759000260027765000280030365000310033170000420036291000390040495201180044395201240056199900170068500001752020240412074247.0100326s19uu dr 001 p spa d aDO-SdBNPbspacBNPHU aRD861.44bM883c1 aMorrobel, Carmen Celia93826310aCosas tuyas y mías /cCarmen Celia Morrobel ; prólogo Daniel Emilio Mateo. a[s.l. :bs.n.,c199?]. a62 p. ;c21 cm. aInventariado, 2018/LP 0aPoesía dominicana966 0aLiteratura dominicana.9671 aMateo, Daniel Emilio,epról.938264 aValidado. Control de calidad BNPHU 0010718PDaPDbPDcHDd2010-03-26iLF1l0oRD861.44 M883cp17520-10r2020-06-25w2020-06-25yLFPDZNo se presta 0010718PDaPDbPDcHDd2010-03-26iLF1l0oRD861.44 M883cp17520-20r2020-06-25te. 2w2020-06-25yLFPDZNo se presta c17045d17045